02151nam a2200325 i 4500003000900000005001700009007000300026008004100029020001800070040003000088041000800118082001900126100004100145245010100186264004400287300002500331336002700356337003300383338002800416500007500444504002900519520078500548590002701333910001401360942001401374952013601388952014201524952014201666999001701808DO-SdBNP20250708144427.0ta250708t2025 dr 000 0 spa d a9789945224146 aDO-SdBNPbspacBNPHUerda hspa axxxxbS2372221 aSantos, Marielaeautora4aut.98274410aOportunidad laboral :banálisis retrospectivo y enfoque de nuevas tendencias /cMariela Santos aSanto Domingo :bEditora Búho,c2025. a77 páginasc23 cm. atextobtxt2rdacontent asin mediaciónbn2rdamedia avolumenbnc2rdacarrier aIncluye datos biografícos de la autora en la solapa de la cubierta.  aBibliografía p: 71-73. aEl contenido plasmado en esta obra parte de una iniciativa personal de la autora, la cual desde una perspectiva histórica analiza cómo han evolucionado a través del tiempo las oportunidades laborales, así como también las exigencias que actualmente destacan los postulantes dentro de un proceso vacante según sus necesidades individuales. Conocerás: Estrategias acerca de cómo establecer negociaciones ganar - dentro del ámbito profesional. Buenas prácticas que actualmente se implementan en las empresas para asegurar una mayor retención laboral de su empleomanía. Nuevas tendencias que puedes considerar para mantenerte en un mediano – largo plazo a la vanguardia de las exigencias profesionales que se demandan actualmente en el mundo de los negocios. aInventariado, 2025/ YL aYLockward 2ddccLBS1 00102ddc51708PDaBNPHUbBNPHUcCTd2025-05-23eDepósito Legall0oBNPHU PD xxxx S237p2025-6269r2025-07-08w2025-07-08yLBS1 00102ddc51708PDaBNPHUbBNPHUcCTd2025-05-23eDepósito Legall0oBNPHU PD xxxx S237p2025-6270r2025-07-08te. 2w2025-07-08yLBS1 00102ddc56708DSaBNPHUbBNPHUcCTd2025-05-23eDepósito Legall0oBNPHU DS xxxx S237p2025-6271r2025-07-08te. 3w2025-07-08yLBS1 c59465d59465